|
|
|
|
| LEADER |
01377nam a2200361 4500 |
| 001 |
000007541 |
| 003 |
3704 |
| 005 |
20111005151026.0 |
| 008 |
111005s2009 viesd |
| 020 |
|
|
|c 57000đ
|
| 041 |
0 |
|
|a vie
|
| 082 |
|
|
|a 658.404
|b CA-H
|
| 100 |
0 |
|
|a Cao Đức Hải
|
| 245 |
|
0 |
|a Giáo trình quản lý dự án văn hóa nghệ thuật
|b Giáo trình dành cho sinh viên Đại học và Cao đẳng ngành Quản lý Văn hóa, Trường Đại học Văn hóa Hà Nội
|c Cao Đức Hải (ch.b) ; Lê Ngọc Thủy
|
| 260 |
|
|
|a H.
|b Đại học Quốc gia
|c 2009
|
| 300 |
|
|
|a 151 tr
|c 24 cm
|
| 500 |
|
|
|a ĐTTS: Trường Đại học Văn hóa Hà Nội
|
| 653 |
|
|
|a Giáo trình
|
| 653 |
|
|
|a Quản lý dự án
|
| 653 |
|
|
|a Văn hóa nghệ thuật
|
| 700 |
|
|
|a Cao Đức Hải
|e ch.b
|
| 700 |
|
|
|a Lê Ngọc Thủy
|e Tác giả
|
| 910 |
|
|
|a Nguyễn Thị Kim Oanh
|d 05/10/2011
|
| OWN |
|
|
|a LSP
|
| AVA |
|
|
|a UDN50
|b LSP
|d 658.404 CA-H
|e check_holdings
|t Error 5003 Not defined in file expand_doc_bib_avail.
|h N
|k 1
|
| 999 |
|
|
|a From the UDN01
|
| AVA |
|
|
|a UDN50
|b LSP
|d 658.404 CA-H
|e available
|t Error 5001 Not defined in file expand_doc_bib_avail.
|f 40
|g 0
|h N
|i 1
|k 1
|
| TYP |
|
|
|a Monograph
|
| TYP |
|
|
|a Printed language
|
| 980 |
|
|
|a Mạng thư viện Đại học Đà Nẵng
|